000 00711nam a22001697a 4500
001 1688
005 20260120143900.0
040 _aFISKH
_beng
_cFISKH
_dFISKH
082 _a398.2
100 _aAnonymous
245 _aសត្វចចកនិងខ្មោចដំរី​/
260 _aPhnom Penh :
300 _a10 pages :
_c16 cm
520 _aA traditional folk tale set to a children's story in the three parallel languages of Khmer, English, and Chinese. Extremely poor translation and graphic themes makes this book inappropriate for children. Profanity is openly used many times to refer to an elephant's backside or bottom and actions of a wolf.
521 _aStaff Only.
942 _2ddc
_cBK
_n0
999 _c1688
_d1688